| 000 | 00000nam 2200000za 4500 |
| 001 | 9.802599 |
| 003 | CaOODSP |
| 005 | 20221107135024 |
| 007 | cr ||||||||||| |
| 008 | 160505s2015 onca ob f000 0 fre d |
| 020 | |a978-0-660-03193-4|z978-0-660-03192-7 |
| 040 | |aCaOODSP|bfre |
| 043 | |an-cn--- |
| 086 | 1 |aFo4-59/2015F-PDF|zFo4-59/2015F |
| 245 | 00|aConnaissances en sylviculture pour la réhabilitation de terrains perturbés par des activités pétrolières et gazières |h[ressource électronique] : |bformation de monticules : préparation mécanique du site. |
| 246 | 10|aFormation de monticules : |bpréparation mécanique du site |
| 260 | |a[Ottawa] : |bRessources naturelles Canada, Service canadien des forêts, |cc2015. |
| 300 | |ai, 20 p. : |bill. |
| 500 | |aPublié aussi en anglais sous le titre: Silviculture knowledge for reclamation of oil and gas disturbances : mounding : mechanical site preparation. |
| 504 | |aComprend des références bibliographiques (p. 19-20). |
| 530 | |aÉgalement publié en version imprimée. |
| 692 | 07|2gccst|aIndustrie pétrolière |
| 692 | 07|2gccst|aIndustrie gazière |
| 692 | 07|2gccst|aGestion de l'environnement |
| 692 | 07|2gccst|aArbre |
| 692 | 07|2gccst|aManuel |
| 710 | 1 |aCanada.|bRessources naturelles Canada. |bService canadien des forêts. |
| 775 | 08|tSilviculture knowledge for reclamation of oil and gas disturbances |w(CaOODSP)9.802597 |
| 776 | 0#|tConnaissances en sylviculture pour la réhabilitation de terrains perturbés par des activités pétrolières et gazières : |w(CaOODSP)9.802598 |
| 856 | 40|qPDF|s4.63 Mo|uhttps://publications.gc.ca/collections/collection_2016/rncan-nrcan/Fo4-59-2015-fra.pdf |